| 000 | 00355nam a22001337a 4500 | ||
|---|---|---|---|
| 020 | _a978-81-7335-815-9 | ||
| 082 |
_a530 _bBAT/S |
||
| 100 | _aSUNIL BATRA | ||
| 245 |
_aSARASWATI COMPETION BOOSTER PHYSICS _bFOR AIEEE, CBSE PMT, AIIMS, AFMC |
||
| 260 |
_aDELHI _bSARASWATI PUBLICATIONS |
||
| 300 | _a268 | ||
| 650 |
_aPHYSICS FOR CLASS XI _zINDIA |
||
| 942 | _cBK | ||
| 999 |
_c530 _d530 |
||